[Event "Deutsche Ländermeisterschaft 2020"]
[Site "Berlin GER"]
[Date "2020.10.01"]
[Round "3"]
[White "Schiewe, Nadin"]
[Black "Huppert, Anna"]
[Result "1-0"]
[Termination "normal"]
[Board "8.7"]
[WhiteElo "1660"]
[BlackElo "1440"]
[WhiteClock "00:49:50"]
[BlackClock "00:01:16"]
[WhiteTeam "Brandenburg"]
[BlackTeam "Saarland"]
[PlyCount "51"]
[WhiteFideId "16209079"]
[BlackFideId "16214439"]
[EventCountry "GER"]
[EventRounds "7"]
[EventType "team-swiss"]
[EventDate "2020.09.29"]

1. d4 {[%clk 1:30:56]} e6 {[%clk 1:30:54]} 2. Nf3 {[%clk 1:31:19]} c5 {[%clk
1:28:54]} 3. e3 {[%clk 1:31:11]} d5 {[%clk 1:27:21]} 4. c3 {[%clk 1:31:03]} Nc6
{[%clk 1:23:38]} 5. Bd3 {[%clk 1:30:42]} Nf6 {[%clk 1:20:15]} 6. Nbd2 {[%clk
1:30:15]} Bd7 {[%clk 1:16:47]} 7. Qe2 {[%clk 1:26:43]} cxd4 {[%clk 1:10:13]} 8.
exd4 {[%clk 1:26:19]} Bd6 {[%clk 1:06:19]} 9. Ne5 {[%clk 1:24:46]} Qc7 {[%clk
0:58:38]} 10. f4 O-O {[%clk 0:49:33]} 11. O-O {[%clk 1:22:41]} Be8 {[%clk
0:45:08]} 12. Rf3 {[%clk 1:20:11]} Nd7 {[%clk 0:33:54]} 13. Bxh7+ {[%clk
1:14:32]} Kh8 {[%clk 0:28:24]} 14. Nxd7 {[%clk 1:12:31]} g6 {[%clk 0:17:05]}
15. Nxf8 {[%clk 1:11:37]} Bxf8 {[%clk 0:16:55]} 16. Rh3 {[%clk 1:11:00]} Kg7
{[%clk 0:16:37]} 17. Qg4 {[%clk 1:09:00]} Be7 {[%clk 0:15:04]} 18. Nf3 {[%clk
1:07:35]} Bd7 {[%clk 0:09:12]} 19. Ne5 {[%clk 1:01:23]} Nxe5 {[%clk 0:05:09]}
20. fxe5 {[%clk 1:01:28]} Bc6 {[%clk 0:02:37]} 21. Bg5 {[%clk 0:58:48]} Rh8
{[%clk 0:01:44]} 22. Rf1 {[%clk 0:50:05]} Bxg5 {[%clk 0:00:44]} 23. Qxg5 {[%clk
0:50:25]} Rxh7 {[%clk 0:00:59]} 24. Qf6+ {[%clk 0:50:34]} Kg8 {[%clk 0:01:11]}
25. Rxh7 {[%clk 0:50:50]} Kxh7 {[%clk 0:01:16]} 26. Rf3 {[%clk 0:49:50]} 1-0

[Event "Deutsche Ländermeisterschaft 2020"]
[Site "Berlin GER"]
[Date "2020.10.02"]
[Round "5"]
[White "Roseneck, Jonas"]
[Black "Pubantz, Jan"]
[Result "1-0"]
[Termination "normal"]
[Board "1.1"]
[WhiteTitle "FM"]
[WhiteElo "2417"]
[BlackElo "2295"]
[WhiteClock "00:10:43"]
[BlackClock "00:01:01"]
[WhiteTeam "Sachsen-Anhalt"]
[BlackTeam "Niedersachsen"]
[PlyCount "65"]
[WhiteFideId "12939870"]
[BlackFideId "12996114"]
[EventCountry "GER"]
[EventRounds "7"]
[EventType "team-swiss"]
[EventDate "2020.09.29"]

1. e4 {[%clk 1:30:58]} c6 {[%clk 1:30:56]} 2. d4 {[%clk 1:31:25]} d5 {[%clk
1:31:22]} 3. e5 {[%clk 1:31:52]} Bf5 {[%clk 1:31:45]} 4. h4 {[%clk 1:32:18]}
Qc7 {[%clk 1:32:10]} 5. c4 {[%clk 1:32:40]} e6 6. Nc3 {[%clk 1:31:42]} h6
{[%clk 1:32:25]} 7. Nge2 {[%clk 1:28:16]} Ne7 {[%clk 1:31:42]} 8. Ng3 {[%clk
1:27:23]} Bh7 {[%clk 1:31:59]} 9. b3 {[%clk 1:22:38]} Nd7 {[%clk 1:13:44]} 10.
Bd3 {[%clk 1:12:32]} Bxd3 {[%clk 0:54:36]} 11. Qxd3 {[%clk 1:12:55]} dxc4
{[%clk 0:54:54]} 12. bxc4 {[%clk 1:09:55]} Rd8 {[%clk 0:54:53]} 13. Qe2 {[%clk
1:03:42]} Ng6 14. Nce4 {[%clk 0:36:15]} Bb4+ {[%clk 0:41:00]} 15. Kf1 {[%clk
0:36:40]} c5 {[%clk 0:18:50]} 16. h5 {[%clk 0:27:15]} cxd4 {[%clk 0:17:42]} 17.
Nd6+ {[%clk 0:24:08]} Bxd6 {[%clk 0:17:15]} 18. exd6 {[%clk 0:24:37]} Qxd6
{[%clk 0:16:56]} 19. hxg6 {[%clk 0:25:01]} O-O {[%clk 0:15:01]} 20. Ne4 {[%clk
0:24:51]} Qe5 21. Ba3 {[%clk 0:21:24]} d3 {[%clk 0:09:30]} 22. Qe1 {[%clk
0:21:50]} f5 23. Bxf8 {[%clk 0:20:46]} Nxf8 {[%clk 0:06:05]} 24. Nd2 Qd6 {[%clk
0:05:13]} 25. Rb1 {[%clk 0:15:47]} b6 26. Rh3 {[%clk 0:14:42]} Nxg6 {[%clk
0:05:10]} 27. Rb3 {[%clk 0:14:52]} Nf4 {[%clk 0:04:25]} 28. Rf3 a5 {[%clk
0:00:35]} 29. a4 {[%clk 0:11:04]} e5 {[%clk 0:00:52]} 30. g3 {[%clk 0:11:31]}
Ne6 {[%clk 0:00:37]} 31. Rbxd3 {[%clk 0:11:09]} Nd4 32. Rxf5 {[%clk 0:10:51]}
Qe6 {[%clk 0:01:01]} 33. Qxe5 {[%clk 0:10:43]} 1-0

[Event "Deutsche Ländermeisterschaft 2020"]
[Site "Berlin GER"]
[Date "2020.10.02"]
[Round "5"]
[White "Knüdel, Torben"]
[Black "Pallas, Sebastian"]
[Result "1/2-1/2"]
[Termination "normal"]
[Board "1.2"]
[WhiteElo "2211"]
[BlackElo "2315"]
[WhiteClock "00:11:35"]
[BlackClock "00:09:52"]
[WhiteTeam "Niedersachsen"]
[BlackTeam "Sachsen-Anhalt"]
[PlyCount "98"]
[WhiteFideId "16208820"]
[BlackFideId "12905453"]
[EventCountry "GER"]
[EventRounds "7"]
[EventType "team-swiss"]
[EventDate "2020.09.29"]

1. e4 {[%clk 1:30:57]} c5 {[%clk 1:30:42]} 2. Nf3 {[%clk 1:31:24]} d6 {[%clk
1:30:59]} 3. d4 {[%clk 1:31:52]} cxd4 {[%clk 1:30:48]} 4. Nxd4 {[%clk 1:32:19]}
Nf6 {[%clk 1:30:48]} 5. Nc3 {[%clk 1:32:45]} a6 {[%clk 1:30:46]} 6. Bg5 {[%clk
1:33:11]} e6 {[%clk 1:30:09]} 7. Qf3 {[%clk 1:33:34]} Nbd7 {[%clk 1:22:35]} 8.
O-O-O {[%clk 1:33:18]} Qc7 {[%clk 1:22:11]} 9. Qg3 {[%clk 1:29:47]} Be7 {[%clk
1:18:06]} 10. Be2 {[%clk 1:29:47]} b5 {[%clk 1:12:52]} 11. Bxb5 {[%clk
1:30:11]} axb5 {[%clk 1:10:00]} 12. Ndxb5 {[%clk 1:27:56]} Qb8 {[%clk 1:07:44]}
13. Nxd6+ {[%clk 1:28:17]} Bxd6 {[%clk 1:06:37]} 14. Qxd6 {[%clk 1:28:39]} Qxd6
{[%clk 1:01:53]} 15. Rxd6 {[%clk 1:28:56]} Ra5 {[%clk 1:00:29]} 16. Bxf6 {[%clk
1:23:49]} gxf6 {[%clk 0:58:30]} 17. Rhd1 {[%clk 1:18:39]} Ra6 {[%clk 0:55:00]}
18. R6d4 {[%clk 1:16:00]} Rg8 {[%clk 0:52:00]} 19. g3 {[%clk 1:06:10]} Rg5
{[%clk 0:52:02]} 20. b4 {[%clk 1:03:34]} Ke7 {[%clk 0:49:00]} 21. a4 {[%clk
1:01:36]} Rc6 {[%clk 0:41:23]} 22. Nb5 {[%clk 0:48:25]} Nb6 {[%clk 0:36:29]}
23. Na7 {[%clk 0:47:43]} Rc7 {[%clk 0:36:09]} 24. Nb5 {[%clk 0:41:39]} Rc6
{[%clk 0:32:05]} 25. h4 {[%clk 0:39:30]} Rh5 {[%clk 0:28:06]} 26. g4 {[%clk
0:38:14]} Rxb5 {[%clk 0:17:50]} 27. axb5 {[%clk 0:38:25]} Rc7 {[%clk 0:18:15]}
28. g5 {[%clk 0:28:31]} fxg5 {[%clk 0:12:10]} 29. hxg5 {[%clk 0:28:48]} Bd7
{[%clk 0:12:28]} 30. Rh1 {[%clk 0:24:27]} e5 {[%clk 0:12:51]} 31. Rdd1 {[%clk
0:21:53]} Nc4 {[%clk 0:13:07]} 32. Rxh7 {[%clk 0:20:15]} Ra7 {[%clk 0:12:58]}
33. Rxd7+ {[%clk 0:18:37]} Rxd7 {[%clk 0:13:22]} 34. g6 {[%clk 0:18:30]} Kf8
{[%clk 0:12:33]} 35. Rxf7+ Rxf7 {[%clk 0:12:57]} 36. gxf7 {[%clk 0:18:11]} Kxf7
{[%clk 0:13:19]} 37. c3 {[%clk 0:12:27]} Ke6 {[%clk 0:13:23]} 38. Kc2 {[%clk
0:11:34]} Na3+ {[%clk 0:13:27]} 39. Kd3 {[%clk 0:11:02]} Nxb5 {[%clk 0:13:47]}
40. c4 {[%clk 0:10:48]} Nc7 {[%clk 0:09:16]} 41. Ke3 {[%clk 0:09:53]} Na6
{[%clk 0:08:47]} 42. b5 {[%clk 0:10:11]} Nc5 {[%clk 0:09:12]} 43. f4 {[%clk
0:10:13]} exf4+ {[%clk 0:09:35]} 44. Kxf4 {[%clk 0:10:37]} Nd7 {[%clk 0:09:26]}
45. Ke3 {[%clk 0:10:32]} Ke5 {[%clk 0:09:42]} 46. Kf3 {[%clk 0:10:18]} Kd4
{[%clk 0:09:04]} 47. Kf4 {[%clk 0:10:42]} Kxc4 {[%clk 0:09:29]} 48. e5 {[%clk
0:11:08]} Nxe5 {[%clk 0:09:52]} 49. Kxe5 {[%clk 0:11:35]} Kxb5 1/2-1/2

[Event "Deutsche Ländermeisterschaft 2020"]
[Site "Berlin GER"]
[Date "2020.10.02"]
[Round "5"]
[White "Post, Hugo"]
[Black "Stelmaszyk, Nico"]
[Result "0-1"]
[Termination "normal"]
[Board "1.3"]
[BlackTitle "FM"]
[WhiteElo "2209"]
[BlackElo "2301"]
[WhiteClock "00:23:10"]
[BlackClock "01:16:22"]
[WhiteTeam "Sachsen-Anhalt"]
[BlackTeam "Niedersachsen"]
[PlyCount "40"]
[WhiteFideId "12962490"]
[BlackFideId "16200462"]
[EventCountry "GER"]
[EventRounds "7"]
[EventType "team-swiss"]
[EventDate "2020.09.29"]

1. e4 c5 {[%clk 1:30:55]} 2. Nf3 e6 3. d4 {[%clk 1:31:48]} cxd4 {[%clk
1:31:47]} 4. Nxd4 {[%clk 1:31:48]} Nc6 {[%clk 1:32:09]} 5. Nc3 {[%clk 1:32:59]}
Nf6 {[%clk 1:32:31]} 6. Nxc6 {[%clk 1:33:19]} bxc6 {[%clk 1:33:15]} 7. e5
{[%clk 1:33:36]} Nd5 {[%clk 1:33:37]} 8. Ne4 {[%clk 1:22:25]} Bb7 {[%clk
1:33:35]} 9. c4 {[%clk 0:59:46]} Nb4 {[%clk 1:33:53]} 10. a3 {[%clk 0:55:26]}
Qa5 11. axb4 {[%clk 0:54:37]} Qxa1 {[%clk 1:33:10]} 12. c5 {[%clk 0:54:37]} Ba6
{[%clk 1:33:10]} 13. Bxa6 {[%clk 0:43:48]} Qxa6 {[%clk 1:21:41]} 14. Bg5 {[%clk
0:31:01]} h6 {[%clk 1:20:42]} 15. Bd2 {[%clk 0:28:44]} Qd3 {[%clk 1:17:50]} 16.
Nc3 {[%clk 0:22:31]} a5 17. Qe2 {[%clk 0:22:59]} Qxe2+ {[%clk 1:17:46]} 18.
Kxe2 {[%clk 0:23:15]} axb4 {[%clk 1:16:05]} 19. Ne4 {[%clk 0:23:10]} Be7 {[%clk
1:16:22]} 20. Bxb4 Ra4 0-1

[Event "Deutsche Ländermeisterschaft 2020"]
[Site "Berlin GER"]
[Date "2020.10.02"]
[Round "5"]
[White "Payyappat, Sreyas"]
[Black "Pikalow, Michael"]
[Result "1-0"]
[Termination "normal"]
[Board "1.4"]
[WhiteElo "2144"]
[BlackElo "2021"]
[WhiteClock "00:24:25"]
[BlackClock "00:29:47"]
[WhiteTeam "Niedersachsen"]
[BlackTeam "Sachsen-Anhalt"]
[PlyCount "83"]
[WhiteFideId "46674969"]
[BlackFideId "16227638"]
[EventCountry "GER"]
[EventRounds "7"]
[EventType "team-swiss"]
[EventDate "2020.09.29"]

1. e4 {[%clk 1:30:55]} c5 {[%clk 1:30:59]} 2. Nf3 {[%clk 1:31:16]} d6 {[%clk
1:31:26]} 3. d4 {[%clk 1:31:38]} cxd4 {[%clk 1:31:50]} 4. Nxd4 {[%clk 1:32:04]}
Nf6 {[%clk 1:32:15]} 5. Nc3 {[%clk 1:32:28]} a6 {[%clk 1:32:42]} 6. f4 {[%clk
1:32:52]} e5 {[%clk 1:32:13]} 7. Nf3 {[%clk 1:33:15]} Nbd7 {[%clk 1:32:07]} 8.
a4 {[%clk 1:33:04]} Be7 {[%clk 1:30:51]} 9. Bc4 {[%clk 1:32:56]} O-O {[%clk
1:30:45]} 10. O-O {[%clk 1:33:18]} exf4 {[%clk 1:30:51]} 11. Bxf4 {[%clk
1:33:36]} Qb6+ {[%clk 1:27:32]} 12. Kh1 {[%clk 1:33:57]} Qxb2 {[%clk 1:11:29]}
13. Qe1 Qb6 {[%clk 1:07:09]} 14. Rd1 {[%clk 1:28:01]} Qc7 {[%clk 1:02:30]} 15.
Bb3 {[%clk 1:27:11]} Ne5 16. Bg5 {[%clk 1:16:16]} Be6 {[%clk 0:53:08]} 17. Nd4
{[%clk 1:15:13]} Bg4 {[%clk 0:42:31]} 18. Bxf6 Bxf6 {[%clk 0:39:58]} 19. Nd5
{[%clk 1:11:21]} Qd8 20. Nxf6+ {[%clk 1:03:52]} gxf6 {[%clk 0:39:51]} 21. Rd2
{[%clk 0:59:59]} Qe7 {[%clk 0:30:21]} 22. Rdf2 Nd7 23. Rf4 {[%clk 0:52:49]} Be6
{[%clk 0:29:49]} 24. Rh4 {[%clk 0:51:59]} Rfc8 {[%clk 0:23:03]} 25. Qe3 Nf8 26.
Qh6 {[%clk 0:45:05]} Rc5 {[%clk 0:17:01]} 27. Rxf6 {[%clk 0:37:06]} Re5 {[%clk
0:15:49]} 28. h3 {[%clk 0:35:05]} Rc8 {[%clk 0:08:53]} 29. Nxe6 {[%clk
0:34:54]} fxe6 {[%clk 0:06:27]} 30. Rg4+ {[%clk 0:34:56]} Kh8 {[%clk 0:05:41]}
31. Rgf4 {[%clk 0:35:14]} Kg8 {[%clk 0:03:20]} 32. R4f5 {[%clk 0:31:50]} Re8
{[%clk 0:01:55]} 33. Qg5+ Qg7 {[%clk 0:01:21]} 34. Rxe5 {[%clk 0:29:10]} dxe5
{[%clk 0:01:39]} 35. Qxe5 {[%clk 0:29:27]} Kh8 {[%clk 0:00:36]} 36. Qf4 {[%clk
0:28:52]} Ng6 37. Qf1 {[%clk 0:28:55]} Rd8 {[%clk 0:00:37]} 38. Bxe6 Qc7 {[%clk
0:00:31]} 39. Bd5 {[%clk 0:28:18]} Qg3 {[%clk 0:00:32]} 40. Rf7 {[%clk
0:26:07]} Rd6 41. Qa1+ {[%clk 0:24:25]} Ne5 {[%clk 0:29:47]} 42. Rf8+ 1-0

[Event "Deutsche Ländermeisterschaft 2020"]
[Site "Berlin GER"]
[Date "2020.10.02"]
[Round "5"]
[White "Wilmink, Anna"]
[Black "Schwenke, Mia"]
[Result "1/2-1/2"]
[Termination "normal"]
[Board "1.8"]
[WhiteElo "1608"]
[BlackElo "1265"]
[WhiteClock "00:35:47"]
[BlackClock "00:07:22"]
[WhiteTeam "Niedersachsen"]
[BlackTeam "Sachsen-Anhalt"]
[PlyCount "78"]
[WhiteFideId "16273680"]
[BlackFideId "16263332"]
[EventCountry "GER"]
[EventRounds "7"]
[EventType "team-swiss"]
[EventDate "2020.09.29"]

1. e4 {[%clk 1:30:57]} e5 {[%clk 1:30:51]} 2. Nf3 {[%clk 1:31:23]} Nc6 {[%clk
1:31:05]} 3. d4 {[%clk 1:31:48]} exd4 {[%clk 1:31:29]} 4. Nxd4 {[%clk 1:32:10]}
Bc5 {[%clk 1:31:42]} 5. Be3 {[%clk 1:32:27]} Qf6 {[%clk 1:31:26]} 6. c3 {[%clk
1:32:44]} Nge7 {[%clk 1:31:05]} 7. Bc4 {[%clk 1:32:59]} Qg6 {[%clk 1:30:23]} 8.
Qf3 {[%clk 1:33:00]} O-O {[%clk 1:29:08]} 9. Nd2 {[%clk 1:31:14]} d6 {[%clk
1:27:08]} 10. h3 {[%clk 1:29:35]} Ne5 {[%clk 1:25:50]} 11. Qg3 {[%clk 1:28:04]}
Qxg3 {[%clk 1:20:55]} 12. fxg3 {[%clk 1:28:08]} Nxc4 {[%clk 1:12:52]} 13. Nxc4
{[%clk 1:28:20]} d5 {[%clk 1:06:46]} 14. Nd2 {[%clk 1:22:50]} Bxd4 {[%clk
1:00:58]} 15. Bxd4 {[%clk 1:22:30]} dxe4 {[%clk 1:00:23]} 16. Nxe4 {[%clk
1:22:27]} Nf5 {[%clk 0:58:52]} 17. O-O {[%clk 1:18:14]} Nxd4 {[%clk 0:56:45]}
18. cxd4 {[%clk 1:17:50]} Re8 {[%clk 0:53:42]} 19. Ng5 {[%clk 1:15:12]} f6
{[%clk 0:51:24]} 20. Nf3 {[%clk 1:15:26]} Be6 {[%clk 0:46:34]} 21. Rfe1 {[%clk
1:13:52]} Bd5 {[%clk 0:45:14]} 22. a3 {[%clk 1:12:18]} Kf7 {[%clk 0:43:18]} 23.
Kf2 {[%clk 1:11:25]} Rad8 {[%clk 0:38:07]} 24. Rac1 {[%clk 1:10:27]} c6 {[%clk
0:36:21]} 25. Rcd1 {[%clk 1:09:34]} Bxf3 {[%clk 0:33:21]} 26. gxf3 {[%clk
1:08:46]} Rxe1 {[%clk 0:33:00]} 27. Kxe1 {[%clk 1:09:01]} Rd5 {[%clk 0:31:51]}
28. Ke2 {[%clk 1:08:26]} Ke6 {[%clk 0:26:25]} 29. Kd3 {[%clk 1:04:46]} c5
{[%clk 0:21:29]} 30. Kc3 {[%clk 1:03:40]} cxd4+ {[%clk 0:20:04]} 31. Rxd4
{[%clk 1:03:47]} Rxd4 {[%clk 0:17:25]} 32. Kxd4 {[%clk 1:04:06]} Kd6 {[%clk
0:16:37]} 33. a4 {[%clk 1:01:46]} a5 {[%clk 0:13:23]} 34. f4 {[%clk 1:00:20]}
f5 {[%clk 0:10:42]} 35. g4 {[%clk 0:55:30]} g6 {[%clk 0:07:56]} 36. g5 {[%clk
0:52:04]} b6 {[%clk 0:07:47]} 37. h4 {[%clk 0:44:02]} Ke6 {[%clk 0:07:08]} 38.
Kc4 {[%clk 0:43:54]} Kd6 {[%clk 0:07:23]} 39. Kd4 {[%clk 0:35:47]} Ke6 {[%clk
0:07:22]} 1/2-1/2

[Event "Deutsche Ländermeisterschaft 2020"]
[Site "Berlin GER"]
[Date "2020.10.02"]
[Round "5"]
[White "Nothnagel, Marian Can"]
[Black "Muckle, Julius"]
[Result "1-0"]
[Termination "normal"]
[Board "2.1"]
[WhiteTitle "FM"]
[BlackTitle "FM"]
[WhiteElo "2355"]
[BlackElo "2427"]
[WhiteClock "00:06:33"]
[BlackClock "00:00:31"]
[WhiteTeam "Hessen"]
[BlackTeam "Rheinland-Pfalz"]
[PlyCount "81"]
[WhiteFideId "12921530"]
[BlackFideId "12942430"]
[EventCountry "GER"]
[EventRounds "7"]
[EventType "team-swiss"]
[EventDate "2020.09.29"]

1. e4 e6 {[%clk 1:30:57]} 2. d3 {[%clk 1:31:25]} d5 {[%clk 1:30:57]} 3. Nd2
{[%clk 1:31:25]} c5 {[%clk 1:30:57]} 4. Ngf3 {[%clk 1:31:25]} Nc6 {[%clk
1:30:57]} 5. g3 {[%clk 1:31:25]} g6 {[%clk 1:30:57]} 6. Bg2 {[%clk 1:31:25]}
Bg7 {[%clk 1:30:57]} 7. O-O {[%clk 1:31:25]} Nge7 {[%clk 1:30:57]} 8. Re1
{[%clk 1:31:25]} O-O {[%clk 1:30:57]} 9. c3 {[%clk 1:31:25]} b5 {[%clk
1:30:57]} 10. e5 {[%clk 1:32:17]} Qc7 {[%clk 1:25:24]} 11. Qe2 {[%clk 1:23:46]}
b4 {[%clk 1:22:46]} 12. Nb3 {[%clk 1:20:38]} c4 {[%clk 1:22:56]} 13. dxc4
{[%clk 1:18:31]} Ba6 {[%clk 1:22:45]} 14. Bf4 {[%clk 1:18:55]} bxc3 {[%clk
1:15:40]} 15. bxc3 {[%clk 1:15:40]} Na5 {[%clk 1:08:20]} 16. Nfd4 {[%clk
0:53:46]} Rac8 {[%clk 1:03:33]} 17. Qg4 {[%clk 0:51:09]} Nxc4 {[%clk 0:30:21]}
18. Bf1 {[%clk 0:37:45]} Qb6 {[%clk 0:26:16]} 19. Qe2 {[%clk 0:37:09]} Nc6
{[%clk 0:25:17]} 20. Nxc6 {[%clk 0:36:56]} Rxc6 {[%clk 0:24:55]} 21. Nd4 {[%clk
0:36:12]} Rc7 {[%clk 0:24:16]} 22. h4 {[%clk 0:32:50]} Qa5 {[%clk 0:22:58]} 23.
Rac1 Rb8 24. Nb3 {[%clk 0:32:21]} Qa3 {[%clk 0:22:59]} 25. h5 {[%clk 0:32:15]}
Rb6 {[%clk 0:21:53]} 26. hxg6 {[%clk 0:24:35]} hxg6 {[%clk 0:15:08]} 27. Qg4
{[%clk 0:24:53]} Nb2 {[%clk 0:14:26]} 28. Be3 {[%clk 0:16:07]} Rb8 29. Bc5
{[%clk 0:16:33]} Rxc5 {[%clk 0:13:52]} 30. Nxc5 {[%clk 0:17:00]} Bxf1 {[%clk
0:14:12]} 31. Nxe6 {[%clk 0:14:47]} Bd3 {[%clk 0:06:14]} 32. Ng5 {[%clk
0:15:04]} Bf5 {[%clk 0:03:06]} 33. Qh4 {[%clk 0:11:02]} Rb6 {[%clk 0:03:00]}
34. e6 {[%clk 0:11:20]} fxe6 {[%clk 0:03:04]} 35. g4 {[%clk 0:11:23]} Qa4
{[%clk 0:02:19]} 36. c4 {[%clk 0:10:17]} Nd3 {[%clk 0:00:44]} 37. gxf5 {[%clk
0:07:38]} Nxe1 {[%clk 0:01:13]} 38. Qh7+ {[%clk 0:07:38]} Kf8 {[%clk 0:01:13]}
39. f6 {[%clk 0:06:22]} Nf3+ {[%clk 0:00:31]} 40. Kg2 {[%clk 0:06:33]} Nh4+ 41.
Qxh4 1-0

[Event "Deutsche Ländermeisterschaft 2020"]
[Site "Berlin GER"]
[Date "2020.10.02"]
[Round "5"]
[White "Halabi, Ibrahim"]
[Black "Bakiev, Diyor"]
[Result "1/2-1/2"]
[Termination "normal"]
[Board "2.4"]
[WhiteElo "1895"]
[BlackElo "2070"]
[WhiteClock "01:19:21"]
[BlackClock "00:19:33"]
[WhiteTeam "Rheinland-Pfalz"]
[BlackTeam "Hessen"]
[PlyCount "71"]
[WhiteFideId "16241754"]
[BlackFideId "16241584"]
[EventCountry "GER"]
[EventRounds "7"]
[EventType "team-swiss"]
[EventDate "2020.09.29"]

1. e4 c6 2. d4 d5 3. exd5 cxd5 4. c4 Nf6 5. Nc3 Nc6 6. Nf3 Bg4 7. cxd5 Nxd5 8.
Qb3 Bxf3 9. gxf3 e6 10. Qxb7 Nxd4 11. Bb5+ Nxb5 12. Qc6+ Ke7 13. Qxb5 Qd7 14.
Qxd7+ Kxd7 15. Nxd5 exd5 16. Be3 Bb4+ 17. Ke2 Rhc8 18. Rac1 a5 19. Rxc8 {[%clk
1:31:36]} Rxc8 {[%clk 1:17:50]} 20. Rc1 {[%clk 1:29:21]} Rb8 {[%clk 1:17:23]}
21. Bd4 {[%clk 1:29:18]} g6 {[%clk 1:17:11]} 22. a3 {[%clk 1:28:45]} Bd6 {[%clk
1:14:40]} 23. h3 {[%clk 1:26:27]} a4 {[%clk 1:14:40]} 24. Kd3 {[%clk 1:26:34]}
Rb3+ {[%clk 1:13:41]} 25. Ke2 {[%clk 1:24:58]} h5 {[%clk 1:03:28]} 26. Rc2
{[%clk 1:24:42]} Rb5 {[%clk 0:53:28]} 27. Kd3 {[%clk 1:19:50]} Be7 {[%clk
0:49:23]} 28. Ke3 {[%clk 1:19:34]} Bg5+ {[%clk 0:48:18]} 29. Kd3 {[%clk
1:19:50]} Rb3+ {[%clk 0:48:18]} 30. Ke2 {[%clk 1:19:34]} Be7 {[%clk 0:40:07]}
31. Rc1 {[%clk 1:19:45]} Bd6 {[%clk 0:39:19]} 32. Rc2 {[%clk 1:19:54]} Rb8
{[%clk 0:33:35]} 33. Kd3 {[%clk 1:19:47]} Rb5 {[%clk 0:23:11]} 34. Rc1 {[%clk
1:19:15]} Be7 {[%clk 0:20:18]} 35. Rc2 {[%clk 1:19:21]} Rb3+ {[%clk 0:19:33]}
36. Ke2 1/2-1/2

[Event "Deutsche Ländermeisterschaft 2020"]
[Site "Berlin GER"]
[Date "2020.10.02"]
[Round "5"]
[White "Poetsch, Leonore"]
[Black "Ley, Sabrina"]
[Result "1-0"]
[Termination "normal"]
[Board "2.5"]
[WhiteElo "1984"]
[BlackElo "1871"]
[WhiteClock "00:15:38"]
[BlackClock "00:09:57"]
[WhiteTeam "Hessen"]
[BlackTeam "Rheinland-Pfalz"]
[PlyCount "53"]
[WhiteFideId "12940372"]
[BlackFideId "12938130"]
[EventCountry "GER"]
[EventRounds "7"]
[EventType "team-swiss"]
[EventDate "2020.09.29"]

1. e4 {[%clk 1:30:53]} c5 {[%clk 1:30:54]} 2. Nf3 {[%clk 1:31:09]} d6 {[%clk
1:31:18]} 3. d4 {[%clk 1:31:21]} cxd4 {[%clk 1:31:38]} 4. Nxd4 {[%clk 1:31:45]}
Nf6 {[%clk 1:32:00]} 5. Nc3 {[%clk 1:32:04]} a6 {[%clk 1:32:25]} 6. Bg5 {[%clk
1:32:10]} Nbd7 {[%clk 1:32:41]} 7. f4 {[%clk 1:31:43]} e6 {[%clk 1:24:38]} 8.
Qf3 {[%clk 1:30:26]} Qc7 {[%clk 1:21:31]} 9. O-O-O {[%clk 1:29:33]} b5 {[%clk
1:17:37]} 10. a3 {[%clk 1:23:56]} Bb7 11. g4 {[%clk 1:20:32]} Be7 {[%clk
1:09:50]} 12. Bxf6 {[%clk 1:17:16]} gxf6 {[%clk 1:02:40]} 13. h4 {[%clk
1:10:48]} Nb6 {[%clk 0:59:22]} 14. g5 {[%clk 1:05:21]} Rc8 {[%clk 0:49:51]} 15.
Qh5 {[%clk 0:58:43]} Na4 {[%clk 0:36:33]} 16. Nxe6 {[%clk 0:49:52]} Qc6 {[%clk
0:33:43]} 17. Nd4 {[%clk 0:46:05]} Qc5 {[%clk 0:29:57]} 18. Nxa4 {[%clk
0:39:29]} bxa4 {[%clk 0:29:29]} 19. Bh3 {[%clk 0:35:31]} Rc7 {[%clk 0:24:35]}
20. Be6 {[%clk 0:27:51]} Bxe4 {[%clk 0:17:51]} 21. Bxf7+ {[%clk 0:23:29]} Kd7
{[%clk 0:18:13]} 22. Be6+ {[%clk 0:20:34]} Kd8 {[%clk 0:18:23]} 23. Rh2 {[%clk
0:19:26]} Qb6 {[%clk 0:15:04]} 24. Re2 {[%clk 0:16:04]} Bg6 {[%clk 0:10:07]}
25. Qf3 {[%clk 0:15:37]} fxg5 26. Qa8+ Rc8 {[%clk 0:09:57]} 27. Qxc8# {[%clk
0:15:38]} 1-0